000 01493cam a2200217 4500
001 X126839
008 040719n2004 000 0 eng u
035 _a(Sirsi) u126822
100 _aHulme, M.
245 _aUnderstanding and managing climate change: the UK experience
260 _c2004
490 _aGeographical Journal
_v170(2) June 2004, 105-115(11)
520 _aClimate change has emerged over the last 25 years not just as a physical reality affecting global and regional climates but also as a socio-cultural phenomenon - an icon of a globalising world which is increasingly altering the physical fabric of our planet and at the same time demanding new forms of global governance. The UK, both through its scientific research activity and through its development of climate change policy initiatives, has been at the forefront of this emergence. This review traces some of this history from a UK perspective, with an emphasis on the last 10 years. The relationship between climate change science and policy has become increasingly reflexive, leading to new forms of research and institutional structures. The academic discipline of geography has been rather marginalised from this process. [Taken from journal abstract.]
650 _aCLIMATE CHANGE
650 _aENVIRONMENTAL POLICIES
650 _aENVIRONMENTAL RESEARCH
650 _aGLOBAL WARMING
690 _aENVIRONMENTAL AND LAND CONSULTANCY-ENVIRONMENTAL MANAGEMENT
700 _aTurnpenny, J.
942 _n0
999 _c74470
_d74470